000 00262 a2200121 4500
250 _a2ème éd.
245 _aLes Glandes endocrines
100 _aDecourt, J.
260 _c1972
300 _a126 p.
999 _c16699
_d16699